| 000 | 00641nam a2200217Ia 4500 | ||
|---|---|---|---|
| 003 | OSt | ||
| 005 | 20250828112458.0 | ||
| 008 | 220923b |||||||| |||| 00| 0 eng d | ||
| 037 | _cReference | ||
| 040 |
_aRTL _cRTL _beng |
||
| 041 |
_2eng _aeng |
||
| 084 |
_aC5:(B61).N61 K1/SC _qRTL |
||
| 100 |
_aVerstraeten, A. _9242290 |
||
| 245 | 0 | _aGeometrical optics | |
| 260 |
_aBombay _bOrient bangmans _c1961 |
||
| 300 |
_avii, 264 p. _bIncludes bibliographical reference and index |
||
| 650 |
_aGeometric _9819157 |
||
| 650 | _aPhysics | ||
| 942 |
_hC5:(B6).N61 K1/SC _cREF _2CC _n0 |
||
| 999 |
_c485774 _d485774 |
||